000 00508nmm a2200157Ia 4500
008 251105s9999||||xx |||||||||||||||||und||
020 _a9788483187746
041 _aspa
100 _aAlberch Fugueras, Ramon
245 0 _aLos archivos, entre la memoria histórica y la sociedad del conocimiento
264 _a[Madrid, España] :
_bUniversitat Oberta de Catalunya,
_c2003
300 _a224 páginas
650 _aCultural Studies
856 _uhttps://public.digitaliapublishing.com/a/20403
942 _cCF
999 _c86089
_d86089